000 00888 a2200265 4500
005 20251021125855.0
008 251021b |||||||| |||| 00| 0 eng d
020 _a9781032592084 (pbk)
037 _cTB
040 _aAL
_cAL
041 _2eng
_aeng
084 _aS:43 P9; R5
_qAL
100 _aBaddeley, Alan
_9821597
245 _aMemory
250 _a4th Ed.
260 _aLondon, UK;
_aNew York; USA:
_bRoutledge,
_c2025.
300 _axxiii, 730p.
365 _b54.99
_cUKP
650 _aPsychology
_9848947
650 _aMemory
_9848948
700 _aEysenck, Michael W.
_eauthor.
_9848949
700 _aAnderson, Michael C.
_eauthor.
_9848950
942 _cTB
_2CC
_n0
_e4th Ed.
_hS:43 P9; R5
999 _c1435579
_d1435579